Loading...
| History - European | 0 | 8 | 1 | 2 | 75 | 56 | 92.88 | 0 | 6 | 0.00 | 0.00 |
| History - Other | 0 | 8 | 2 | 0 | 70 | 53 | 71.25 | 4 | 8 | 0.00 | 0.00 |
| Philosophy | 0 | 6 | 0 | 0 | 60 | 75 | 94.17 | 0 | 6 | 0.00 | 0.00 |
| Literature - European | 0 | 6 | 0 | 0 | 60 | 50 | 99.00 | 1 | 3 | 0.00 | 0.00 |
| History - World | 0 | 6 | 0 | 1 | 60 | 62 | 91.33 | 1 | 4 | 0.00 | 0.00 |
| Science - Physics | 0 | 5 | 1 | 2 | 45 | 74 | 110.60 | 0 | 1 | 0.00 | 0.00 |
| Social Science | 0 | 5 | 2 | 0 | 40 | 36 | 73.80 | 3 | 5 | 0.00 | 0.00 |
| Literature - World | 0 | 3 | 0 | 0 | 30 | 67 | 100.00 | 0 | 2 | 0.00 | 0.00 |
| Literature - American | 0 | 4 | 2 | 0 | 30 | 88 | 115.00 | 0 | 2 | 0.00 | 0.00 |
| Literature - British | 0 | 3 | 0 | 2 | 30 | 97 | 124.67 | 0 | 2 | 0.00 | 0.00 |
| Fine Arts - Other | 0 | 3 | 1 | 0 | 25 | 82 | 93.33 | 2 | 3 | 0.00 | 0.00 |
| Current Events | 0 | 2 | 0 | 0 | 20 | 65 | 84.00 | 0 | 1 | 0.00 | 0.00 |
| Science - Chemistry | 0 | 2 | 0 | 0 | 20 | 93 | 94.00 | 0 | 1 | 0.00 | 0.00 |
| Religion | 0 | 2 | 1 | 0 | 15 | 113 | 119.00 | 0 | 1 | 0.00 | 0.00 |
| Other Academic | 0 | 1 | 0 | 0 | 10 | 97 | 97.00 | 0 | 1 | 0.00 | 0.00 |
| Fine Arts - Classical Music | 0 | 1 | 0 | 0 | 10 | 128 | 128.00 | 0 | 0 | 0.00 | 0.00 |
| Mythology | 0 | 1 | 0 | 0 | 10 | 88 | 88.00 | 0 | 1 | 0.00 | 0.00 |
| Science - Biology | 0 | 1 | 0 | 0 | 10 | 97 | 97.00 | 0 | 1 | 0.00 | 0.00 |
| Science - Other | 0 | 2 | 2 | 0 | 10 | 110 | 114.00 | 0 | 1 | 0.00 | 0.00 |
| History - American | 0 | 2 | 3 | 1 | 5 | 69 | 91.00 | 1 | 1 | 0.00 | 0.00 |
| Geography | 0 | 0 | 1 | 0 | -5 | 0.00 | 0 | 0 | 0.00 | 0.00 |